Quizzes
Events
Quiz Creation
Community
Videos
Private Events
Remove Ads
Sign In
Join for FREE
Feedback
Dark Mode
Quiz Categories
Sports
Geography
Music
Movies
Television
Just For Fun
Miscellaneous
History
Literature
Language
Science
Gaming
Entertainment
Religion
Holiday
For Kids
Quiz Lab
Recent
Popular Today
Quiz Kudos Today
Editor Picks
Curator Picks
Quizzes by...
Day
Popularity
Type
Ratings
Length
Year
Community
Subscriptions
Recent Discussions
Orange Saloon
Badges
Playlists
Quests
Create
Leaderboards
Showdown
Live 5
Trivia Bingo
Activity
Puzzle Library
Sporcle Events
Private Events
Virtual Trivia
Globe League
Become a Host
Pub Owners
SporcleCon
Opinionation
Our Games
Videos
Blog
Mobile Apps
Partnerships
Remove Ads and Go Orange
Feedback
Sports
Athletes
MLB
NBA
NHL
NFL
Soccer
Sports Teams
WWE
NCAA
Football
Premier League
Basketball
Baseball
Hockey
Golf
Tennis
Cricket
Rugby
Auto Racing
Olympics
World Cup
Sports
Athletes
MLB
NBA
NHL
NFL
Soccer
Sports Teams
WWE
NCAA
Football
Premier League
Basketball
Baseball
Hockey
Golf
Tennis
Cricket
Rugby
Auto Racing
Olympics
World Cup
Random Quiz
Search Sporcle
×
Quiz Lab
Quiz Lab
Sports
MLB
Type in answers that appear in a list
Type in answers that appear in a list
Classic
Best Score? Go Orange.
Baltimore Orioles all-time hits leaders Stats
Can you name the Baltimore Orioles all-time hits leaders?
By
tunnel
10m
120 Questions
686 Plays
686 Plays
686 Plays
Comments
Comments
Give Quiz Kudos
Give Quiz Kudos
-
- Ratings
hide this ad
Replay
Link that replays current quiz
Next Quiz
Link to next quiz in quiz playlist
You Got
0%
They Got
Avg Score
40%
Avg Friend Score
Upgrade to see
Score Distribution
Jump to the score distribution portion of the page
Score
0/120
Timer
10:00
0
Plays Today
Hits
% Correct
3184
Cal Ripken
97.4%
2848
Brooks Robinson
96.6%
882
Frank Robinson
96.2%
541
Billy Ripken
96.2%
2080
Eddie Murray
90.2%
1574
Boog Powell
88%
1614
Brady Anderson
84.8%
425
Adam Jones
84.2%
495
John Anderson
83.8%
904
Davey Johnson
83.4%
766
Tom Jones
83.1%
1338
Brian Roberts
80%
1071
Rafael Palmeiro
79.6%
1304
Mark Belanger
77.7%
1455
Ken Singleton
76.1%
891
Nick Markakis
75%
1426
Paul Blair
74.7%
1323
Melvin Mora
72.8%
501
Tommy Davis
72.3%
876
Miguel Tejada
70.9%
854
Rick Dempsey
70.9%
730
Bobby Grich
69.2%
739
Chris Hoiles
68.6%
1403
Al Bumbry
67.4%
1308
Ken Williams
67.3%
367
Gus Williams
67.3%
361
Dick Williams
67.3%
738
Doug DeCinces
66.6%
496
Roberto Alomar
63.9%
2295
George Sisler
62.6%
395
Elrod Hendricks
57.8%
744
Lee May
56.6%
984
Rich Dauer
56.2%
1072
B.J. Surhoff
55.9%
632
Don Buford
54.6%
500
Andy Etchebarren
53.4%
740
Luis Aparicio
52.4%
630
Beau Bell
51.1%
482
Don Baylor
50.8%
674
Mike Bordick
50.5%
Hits
% Correct
414
John Lowenstein
50.2%
794
Gus Triandos
49.9%
555
Gary Roenicke
48.2%
519
Jim Gentile
48%
797
Mike Devereaux
46%
367
Javy Lopez
43.5%
724
Jay Gibbons
41.8%
365
Luke Scott
40.9%
638
Harold Baines
40%
1463
Harlond Clift
38.5%
380
Leo Gomez
38.4%
356
Jeffrey Hammonds
38.2%
448
David Segui
36.9%
1508
Baby Doll Jacobson
35.6%
579
Joe Orsulak
35.6%
432
Randy Milligan
35.5%
485
Merv Rettenmund
35.2%
445
Aubrey Huff
34.9%
408
Fred Lynn
34.6%
1100
Vern Stephens
33.7%
362
Kevin Millar
33.6%
777
Jeff Conine
33.1%
494
Goose Goslin
32.8%
1424
Bobby Wallace
32.4%
451
Curt Blefary
32%
477
Jerry Hairston
30.7%
581
Bobby Young
30.4%
410
Mike Young
30.4%
511
Larry Sheets
29.5%
1399
Jack Tobin
28.5%
663
Jerry Adair
26.7%
583
Rick Ferrell
25.7%
1220
George McQuinn
25%
949
Marty McManus
24.8%
957
Del Pratt
24.7%
510
Heinie Manush
24.1%
710
Jackie Brandt
23.6%
1124
Ski Melillo
23.4%
380
Tony Batista
22.9%
1121
Hank Severeid
22.2%
Hits
% Correct
984
George Stone
22.2%
1189
Wally Gerber
21.8%
1133
Jimmy Austin
21.8%
902
Red Kress
21.2%
1070
Burt Shotton
21%
407
Luis Matos
21%
483
Harry Rice
20.1%
693
Chet Laabs
18.8%
361
Clint Courtney
17.7%
718
Wally Judnich
16.8%
431
Gene Robertson
16.8%
353
Tom Carey
16.8%
626
Bob Nieman
16.5%
819
Sam West
16.2%
614
Bob Dillinger
16.2%
544
Al Zarilla
16.2%
362
Doc Lavan
16.1%
375
Jim Levey
15.5%
503
Frank O'Rourke
15%
664
Johnny Berardino
14%
501
Billy Gardner
14%
485
Mark Christman
14%
484
Bob Boyd
14%
410
Dick Kokos
14%
434
Don Heffner
13.9%
392
Moose Solters
13.1%
799
Fred Schulte
13%
529
Roy Hartzell
13%
581
Don Gutteridge
12.8%
382
Joe Gedeon
12.7%
822
Jack Burns
12.6%
401
Gene Woodling
12.4%
663
Charlie Hemphill
12.1%
425
Emmet Heidrick
12%
475
Rollie Hemsley
11.4%
627
Russ Snyder
10.2%
435
Les Moss
10.2%
422
Lu Blue
9.6%
460
Bruce Campbell
8.5%
476
Jesse Burkett
5.5%
Quiz Playlist
Details
Report
Send in Message
Add To Playlist
Classic:
Type in answers that appear in a list
Last Updated: Feb 16, 2017
Quiz Scoreboard
CHALLENGE
Sign Up to Join the Scoreboard
Show All
Scores
Hide
Comments
May contain spoilers
Recently Published
College Basketball Coaching Resumes
by pancakes188
Sports
9m
Billboard Blitz: Fleetwood Mac
by CooCooCachoo
Music
15s
Presidents Visiting Landmarks
by Hejman
History
7m
More to Explore
Quiz From the Vault
Featured Blog Post
Where Did the Easter Bunny Come From?
hide this ad
You Might Also Like...
Tags
Baseball Quiz
MLB Quiz
Baltimore
Baltimore Orioles
Hits Leaders
Today's Top Quizzes in Sports
Browse Sports
hide this ad
Today's Top Quizzes in MLB
Browse MLB
Top Contributed Quizzes in Sports
1
2022 World Cup Stars
2
Les meilleurs buteurs des matchs entre le PSG et l’OM
3
FIFA Club World Cup Champions
4
Les entraîneurs de l'OM et du PSG au 21e siècle
5
Criteria MLB: Left Handed Sluggers
6
AFC Teams Reveal (Wrong Answers Minefield)
7
5-to-1: UK Sports Teams
8
5-to-1: FBS Animal Nicknames
9
2023 MLB Unique Player Accomplishments
10
Name the Premier League winners with different clubs
Explore More
Trending Topics
Harry Potter
NBA
Anime
Kpop
Marvel
Disney
Crossword
Puzzle
Country
WWE
Soccer
The Office
Song
Pokémon
NFL
hide this ad
More By:
tunnel
Quiz
Plays
Rating
Category
Featured
Created
Formula 1 Driving Leaders (1970s)
46,878
4.55
Sports
Mar 23, 2010
Largest 300 cities in California
21,057
4.82
Geography
Oct 10, 2011
Pittsburgh Pirates lineups 1970-1989
5,740
3.73
Sports
Aug 31, 2010
Largest 200 cities in California - 2010 census
5,046
4.58
Geography
Oct 5, 2011
Formula 1 drivers - 1990s
3,657
4.50
Sports
Mar 22, 2010
Go to Creator's Profile
Score Distribution
Quiz Creator Spotlight
tunnel
Follow
Send a Message
Quizzes Created
-
Created Quiz Play Count
-
More By This Creator
Popular Quizzes Today
1
Find the US States - No Outlines Minefield
2
Find the Countries of Europe - No Outlines Minefield
3
The Countries of the World
4
Find the US States
5
Risky Map Clicking: Biggest States A-Z
6
US States
7
Popular People in 1961
8
Movies - When Are They Set?
More Sports Quizzes
NBA Top 10 (1980s)
Published
Trending Quizzes
Risky Map Clicking: Least Populous States A-Z
1-10 Letter G Words
1-10 Letter F Words
Risky Map Clicking: Next State Alphabetically
Risky Map Clicking: Biggest States A-Z
Recently Updated
Leaping Animals
pecheneg
Reality TV Shows (A-Z)
bhenderson79
Rickey Henderson's Hall of Fame Teammates
pecheneg
Champions League XIs: Arsenal
pecheneg
Quick Pick: Celebrities in WWE's Hall of Fame
aduchscher
A-Z Keypad Blitz II
pecheneg
Multiple Oscar Actors
pecheneg
Mystery Phrase Blitz: Oscar 'Best Actors'
pecheneg
F. Scott Fitzgerald Novels
LTH
Pick 3 Villains
ddd62291
Trending Topics
Kpop
Harry Potter
Disney
Marvel
Anime
NBA
Crossword
Country
Puzzle
The Office
Song
Soccer
NFL
WWE
Pokémon
Your Account Isn't Verified!
In order to create a playlist on Sporcle, you need to verify the email address you used during registration. Go to your
Sporcle Settings
to finish the process.
Report this User
Report this user for behavior that violates our
Community Guidelines
.
Details:
Send Report
Go to the Sporcle.com Mobile Site →
Comments